Proměny politické kultury v zemích Evropské unie /

Další autoři: Dolista, Josef, 1954-, Skořepa, Ladislav, 1950-
Jazyk: Slovenština
Polština
Čeština
Vydáno: České Budějovice : Vysoká škola evropských a regionálních studií, jihočeská pobočka České společnosti pro politické vědy, 2005
Edice: Studia VŠERS ; 4
Témata:
Fyzický popis: 173 s. ; 22 cm
Language note: Český, polský a slovenský text; anglické a slovenské resumé
Knihy
Uloženo v:
LEADER 01619nam a2200421 a 4500
001 000772720
003 CZ BrMZK
005 20090617133228.0
007 ta
008 050502s2005 xr fr 000 0 cze d
015 |a cnb001533051 
020 |a 80-86708-09-8  |q (brož.) 
035 |a (OCoLC)85143841 
040 |a BOA001  |b cze 
041 0 |a cze  |a pol  |a slo  |b eng  |b slo 
043 |a e------ 
072 7 |a 323  |x Vnitropolitický vývoj, politický život  |2 Konspekt  |9 15 
080 |a 323.21  |2 MRF 
080 |a (4)  |2 MRF 
080 |a (048.8)  |2 MRF 
080 |a (082)  |2 MRF 
245 0 0 |a Proměny politické kultury v zemích Evropské unie /  |c [editor Josef Dolista, Ladislav Skořepa] 
260 |a České Budějovice :  |b Vysoká škola evropských a regionálních studií, jihočeská pobočka České společnosti pro politické vědy,  |c 2005 
300 |a 173 s. ;  |c 22 cm 
490 1 |a Studia VŠERS ;  |v 4 
500 |a 150 výt. 
504 |a Obsahuje bibliografie a bibliografické odkazy 
546 |a Český, polský a slovenský text; anglické a slovenské resumé 
650 0 7 |a politická kultura  |7 ph115787  |z země Evropské unie  |2 czenas 
655 7 |a studie  |7 fd133597  |2 czenas 
655 7 |a sborníky  |7 fd163935  |2 czenas 
700 1 |a Dolista, Josef,  |d 1954-  |7 jn19990218016  |4 edt 
700 1 |a Skořepa, Ladislav,  |d 1950-  |7 mzk2006337258  |4 edt 
810 2 |a Vysoká škola evropských a regionálních studií.  |t Studia  |0 s 
910 |a BOA001  |b 2-1151.750 
990 |a BK 
991 |b 200506  |c NOV 
996 6 |b 2610249385  |c 2-1151.750  |l MZK  |r Sklad / do 1 hodiny  |n 0  |p p.v.  |w 000772720  |u 000010  |a 1  |e BOA001  |j MZK50  |s P